| 000 | 02045njm a2200433 c 4500 | ||
|---|---|---|---|
| 003 | BLK | ||
| 005 | 20240513150810.0 | ||
| 008 | 180410b bul||n||s|||||||| n|bulo| | ||
| 010 | _aCDD00004242000 | ||
| 040 | _aBLK | ||
| 041 |
_aBUL _cBUL |
||
| 080 |
_aРегионална география _b913 _z913 |
||
| 080 |
_aНетекстови публикации по география. Фотографии. Рисунки. Диаграми. Профили. Карти. Картограми. Атласи. Глобуси _b912 _x(100)(084.4.034) _z912(100)(084.4.034) |
||
| 139 |
_aСветовен атлас [CD-ROM] _bС 25 |
||
| 245 | 1 | 0 |
_aСветовен атлас [CD-ROM] _cтекст Philip Wilkinson; отг. ред. Венера Иванова Атанасова; компютърна обраб. Емилия Минчева; прев. Венера Иванова Атанасова; прев. Здравко Антонов Тошев. |
| 257 | _aGBR | ||
| 260 |
_bХермес _c2004 |
||
| 300 |
_a141 MB _c12 см |
||
| 380 | _a91 | ||
| 500 | _aОриг. загл. World Atlas. - Дигитално изд. - Прил. към кн. със същото загл. със сигн. Кр ІІ 316. | ||
| 590 | _aS.N: 115045 от КНИГИ | ||
| 650 | 4 |
_aАтласи _9147824 |
|
| 650 | 4 |
_aСвят - география _9242274 |
|
| 653 | _aсвят | ||
| 653 | _aатласи | ||
| 653 | _aгеография | ||
| 700 | 1 |
_aWilkinson, Philip _eтекст _9311642 |
|
| 700 | 1 |
_aАтанасова, Венера Иванова _eотг. ред. _9363320 |
|
| 700 | 1 |
_aМинчева, Емилия _eкомпютърна обраб. _9387840 |
|
| 700 | 1 |
_aАтанасова, Венера Иванова _eпрев. _9363320 |
|
| 700 | 1 |
_aТошев, Здравко Антонов _eпрев. _9366689 |
|
| 852 |
_aЦб II 13422 _p0 |
||
| 856 | 4 |
_qpdf _u |
|
| 856 | 4 |
_qpdf _u |
|
| 942 |
_cCDD _n0 |
||
| 944 |
_aCR _c17.09.2004 _k30534 _lРадостина Карадакова |
||
| 944 |
_aED _c30.05.2007 |
||
| 999 |
_c222236 _d222236 |
||
| 999 | _d222236 | ||